Statistics for Huddersfield Town all-time top appearances

Click here to take the quiz!

General Stats

  • This quiz has been taken 2 times
  • The average score is 3 of 10

Answer Stats

AppsNationalityPlayer% Correct
372EnglandJonathan Hogg
100%
267EnglandAndy Booth
50%
260EnglandDanny Ward
50%
212England / ScotlandJordan Rhodes
50%
274EnglandAlex Smithies
0%
267EnglandAlex Smithies
0%
221EnglandAndy Holdsworth
0%
238EnglandDanny Schofield
0%
224EnglandPeter Clarke
0%
236WalesSteve Jenkins
0%

Score Distribution

Percentile by Number Answered

Percent of People with Each Score

Your Score History

You have not taken this quiz